| 000 | 00646nam a2200193 a 4500 | ||
|---|---|---|---|
| 001 | 000025657 | ||
| 005 | 20200930023941.0 | ||
| 008 | 110218s1978 pn r 000 0 spa d | ||
| 040 |
_aDO-SdBNP _bspa _cBNPHU |
||
| 082 |
_axxxxx _bB282p |
||
| 100 | 1 |
_aBarsellos, Ana María _952394 |
|
| 245 | 1 | 4 |
_aLas paredes del silencio / _cAna María Barsellos. |
| 260 |
_aRepública de Panamá : _bUniversidad de Panamá : _bDepartamento de Expresiones Artísticas, _c1978. |
||
| 300 |
_a47 p. ; _c18.5 cm. |
||
| 500 | _aEn la portada: seudónimo "Demeter". | ||
| 500 | _aEn la portada: Género "poesía". | ||
| 586 | _aPremio poesía 1978. | ||
| 049 | _aBNGR | ||
| 999 |
_c25149 _d25149 |
||